<?xml version="1.0" encoding="UTF-8"?>
<record
    xmlns:xsi="http://www.w3.org/2001/XMLSchema-instance"
    xsi:schemaLocation="http://www.loc.gov/MARC21/slim http://www.loc.gov/standards/marcxml/schema/MARC21slim.xsd"
    xmlns="http://www.loc.gov/MARC21/slim">

  <leader>02874nam a2200205Ia 4500</leader>
  <controlfield tag="003">IT-RoPau</controlfield>
  <controlfield tag="005">20220918175646.0</controlfield>
  <controlfield tag="008">120407s9999    xx            000 0 und d</controlfield>
  <datafield tag="040" ind1=" " ind2=" ">
    <subfield code="a">IT-RoPAU</subfield>
    <subfield code="c">20140428151131.0</subfield>
  </datafield>
  <datafield tag="040" ind1=" " ind2=" ">
    <subfield code="c">IT-RoPAU</subfield>
  </datafield>
  <datafield tag="041" ind1=" " ind2=" ">
    <subfield code="a">ita</subfield>
  </datafield>
  <datafield tag="100" ind1=" " ind2=" ">
    <subfield code="a">Figlie di San Paolo</subfield>
    <subfield code="9">22643</subfield>
  </datafield>
  <datafield tag="245" ind1=" " ind2=" ">
    <subfield code="a">Informazione. Figlie di San Paolo. Dal 1982 al 1987.</subfield>
  </datafield>
  <datafield tag="260" ind1=" " ind2=" ">
    <subfield code="a">Roma</subfield>
    <subfield code="b">Casa Generalizia FSP</subfield>
  </datafield>
  <datafield tag="300" ind1=" " ind2=" ">
    <subfield code="c">35 cm</subfield>
    <subfield code="a">48 pp.</subfield>
  </datafield>
  <datafield tag="490" ind1=" " ind2=" ">
    <subfield code="a">Informazione. Figlie di San Paolo dal 1982 al 1987</subfield>
  </datafield>
  <datafield tag="520" ind1=" " ind2=" ">
    <subfield code="a">Indice

Anno XI
Bollettino d'informazione - n&#xB0; 1 gennaio 1982
Bollettino d'informazione - febbraio - marzo 1982
Bollettino d'informazione - aprile - maggio 1982
Bollettino d'informazione - giugno - luglio 1982
Bollettino d'informazione - agosto - settembre 1982 
Bollettino d'informazione - n&#xB0; 10 ottobre 1982
Bollettino d'informazione - n&#xB0; 11 - novembre 1982
Bollettino d'informazione - n. 12 dicembre 1982

Anno XII
Bollettino d'informazione - 1-2 genn.febbr . 1983
Bollettino d'informazione - 3-4 marzo-aprile 1983
Bollettino d'informazione - 5-6 maggio-giugno 1983
Bollettino d'informazione - 7-8 luglio-agosto 1983

Anno XIII
Bollettino d'informazione - gen. -feb. 1984
Bollettino d'informazione - marzo 1984
Bollettino d'informazione - aprile 1984
Bollettino d'informazione - maggio 1984
Bollettino d'informazione - giugno 1984
Bollettino d'informazione - luglio 1984
Bollettino d'informazione - agosto 1984
Bollettino d'informazione - settembre 1984
Bollettino d'informazione - nov./dic. 1984

Anno XIV
Bollettino d'informazione - n.1 - gennaio 1985
Bollettino d'informazione - n. 2 - febb./marzo 1985
Bollettino d'informazione - n. 3 - aprile/maggio 1985
Bollettino d'informazione - n. 4 - giugno 1985
Bollettino d'informazione - n. 5 - luglio/agosto 1985
Bollettino d'informazione - n. 6 - sett / ott 1985
Informazione fsp - n. 7 - novembre-dicembre 1985

Anno 53
Informazione fsp - n. 481 - gennaio 1986
Informazione fsp - n. 482 - febbraio/marzo 1986
Informazione fsp - n. 483 - aprile 1986
Informazione fsp - n. 484 - maggio/giugno 1986
Cristo si formi in voi. Da Torvaianica: Corso di formazione per maestre di noviziato-informazione - maggio 1986
Informazione fsp - n. 485 - luglio/agosto 1986
Informazione fsp - n. 486 - settembre/ottobre 1986
Assemblea intercapitolare delle figlie di san paolo - Boston, 6 ottobre 1986
Assemblea intercapitolare delle figlie di san paolo - Boston, 1 novembre 1986

Anno 54
Informazione fsp - n. 487 - gennaio 1987
Informazione fsp - n. 488 - febbraio 1987
Informazione fsp - n. 489 - marzo 1987
Informazione fsp - n. 490 - aprile 1987
Informazione fsp - n. 491 - maggio 1987
Informazione fsp - n. 492 - giugno/luglio 1987
Informazione fsp - n. 493 - agosto/settembre 1987
Informazione fsp - n. 494 - ottobre 1987
Informazione fsp - n. 495 - novembre/dicembre 1987 </subfield>
  </datafield>
  <datafield tag="942" ind1=" " ind2=" ">
    <subfield code="c">BK</subfield>
    <subfield code="2">ddc</subfield>
  </datafield>
  <datafield tag="999" ind1=" " ind2=" ">
    <subfield code="c">23797</subfield>
    <subfield code="d">23797</subfield>
  </datafield>
  <datafield tag="952" ind1=" " ind2=" ">
    <subfield code="0">0</subfield>
    <subfield code="1">0</subfield>
    <subfield code="2">ddc</subfield>
    <subfield code="4">0</subfield>
    <subfield code="6">P_D5</subfield>
    <subfield code="7">1</subfield>
    <subfield code="a">PAULUS</subfield>
    <subfield code="b">PAULUS</subfield>
    <subfield code="d">2012-04-11</subfield>
    <subfield code="l">0</subfield>
    <subfield code="o">P D5</subfield>
    <subfield code="r">2012-04-11 00:00:00</subfield>
    <subfield code="w">2012-04-11</subfield>
    <subfield code="y">BK</subfield>
    <subfield code="z">Inserito da: Sergio In data: 27 settembre 2011 fondo: Via A.Severo 56 Progr:15336</subfield>
  </datafield>
</record>
